000 00614nam a2200217 i 4500
001 15599
003 ES-MaACL
005 20240126062955.0
007 t|
008 000504s1999 sp ||||0| spa
020 _a84-204-2987-2
080 _a821.134.4-31"19"
100 1 _aRivas, Manuel,
_d1957-
_997561
245 1 3 _aEl lápiz del carpintero /
_cManuel Rivas ; traducción de Dolores Vilavedra.
250 _a9ª ed.
260 _aMadrid :
_bAlfaguara,
_c1999.
300 _a201 p. ;
_c22 cm.
700 1 _aVilavedra, Dolores.
_9114844
852 4 _aES-MaACL
_jL-22706
999 _c15599
_d15599